<?xml version="1.0" encoding="UTF-8"?>
<record
    xmlns:xsi="http://www.w3.org/2001/XMLSchema-instance"
    xsi:schemaLocation="http://www.loc.gov/MARC21/slim http://www.loc.gov/standards/marcxml/schema/MARC21slim.xsd"
    xmlns="http://www.loc.gov/MARC21/slim">

  <leader>01040nam a22002177a 4500</leader>
  <controlfield tag="003">NALT</controlfield>
  <controlfield tag="005">20240824073856.0</controlfield>
  <controlfield tag="008">220204b        th ||||| |||| 00| 0 tha d</controlfield>
  <datafield tag="020" ind1=" " ind2=" ">
    <subfield code="a">9747725266</subfield>
  </datafield>
  <datafield tag="040" ind1=" " ind2=" ">
    <subfield code="a">NALT</subfield>
  </datafield>
  <datafield tag="090" ind1=" " ind2=" ">
    <subfield code="a">KE 15</subfield>
    <subfield code="b">&#xE28;365&#xE23; 2549</subfield>
  </datafield>
  <datafield tag="110" ind1="2" ind2=" ">
    <subfield code="a">&#xE2A;&#xE33;&#xE19;&#xE31;&#xE01;&#xE07;&#xE32;&#xE19;&#xE28;&#xE32;&#xE25;&#xE23;&#xE31;&#xE10;&#xE18;&#xE23;&#xE23;&#xE21;&#xE19;&#xE39;&#xE0D;</subfield>
    <subfield code="9">6436</subfield>
  </datafield>
  <datafield tag="245" ind1="1" ind2="0">
    <subfield code="a">&#xE23;&#xE27;&#xE21;&#xE1A;&#xE17;&#xE04;&#xE27;&#xE32;&#xE21;&#xE01;&#xE0E;&#xE2B;&#xE21;&#xE32;&#xE22;&#xE21;&#xE2B;&#xE32;&#xE0A;&#xE19;&#xE08;&#xE32;&#xE01;&#xE40;&#xE27;&#xE47;&#xE1A;&#xE44;&#xE0B;&#xE15;&#xE4C; www.pub-law.net &#xE40;&#xE25;&#xE48;&#xE21; 5 /</subfield>
    <subfield code="c">&#xE19;&#xE31;&#xE19;&#xE17;&#xE27;&#xE31;&#xE12;&#xE19;&#xE4C; &#xE1A;&#xE23;&#xE21;&#xE32;&#xE19;&#xE31;&#xE19;&#xE17;&#xE4C;, &#xE1A;&#xE23;&#xE23;&#xE13;&#xE32;&#xE18;&#xE34;&#xE01;&#xE32;&#xE23;.</subfield>
  </datafield>
  <datafield tag="260" ind1=" " ind2=" ">
    <subfield code="a">&#xE01;&#xE23;&#xE38;&#xE07;&#xE40;&#xE17;&#xE1E;&#xE2F; :</subfield>
    <subfield code="b">&#xE2A;&#xE33;&#xE19;&#xE31;&#xE01;&#xE07;&#xE32;&#xE19;&#xE28;&#xE32;&#xE25;&#xE23;&#xE31;&#xE10;&#xE18;&#xE23;&#xE23;&#xE21;&#xE19;&#xE39;&#xE0D;,</subfield>
    <subfield code="c">2549.</subfield>
  </datafield>
  <datafield tag="300" ind1=" " ind2=" ">
    <subfield code="a">442 &#xE2B;&#xE19;&#xE49;&#xE32; ;</subfield>
    <subfield code="c">21 &#xE0B;&#xE21;.</subfield>
  </datafield>
  <datafield tag="650" ind1=" " ind2="4">
    <subfield code="9">28369</subfield>
    <subfield code="a">&#xE01;&#xE0E;&#xE2B;&#xE21;&#xE32;&#xE22;&#xE21;&#xE2B;&#xE32;&#xE0A;&#xE19; </subfield>
    <subfield code="x">&#xE23;&#xE27;&#xE21;&#xE40;&#xE23;&#xE37;&#xE48;&#xE2D;&#xE07;</subfield>
  </datafield>
  <datafield tag="700" ind1="0" ind2=" ">
    <subfield code="9">4425</subfield>
    <subfield code="a">&#xE19;&#xE31;&#xE19;&#xE17;&#xE27;&#xE31;&#xE12;&#xE19;&#xE4C; &#xE1A;&#xE23;&#xE21;&#xE32;&#xE19;&#xE31;&#xE19;&#xE17;&#xE4C;</subfield>
  </datafield>
  <datafield tag="850" ind1=" " ind2=" ">
    <subfield code="a">NALT</subfield>
  </datafield>
  <datafield tag="942" ind1=" " ind2=" ">
    <subfield code="2">local</subfield>
    <subfield code="c">LB</subfield>
  </datafield>
  <datafield tag="998" ind1=" " ind2=" ">
    <subfield code="a">kornsiririn</subfield>
    <subfield code="j"></subfield>
    <subfield code="k">CRON CRON</subfield>
  </datafield>
  <datafield tag="999" ind1=" " ind2=" ">
    <subfield code="c">99296</subfield>
    <subfield code="d">99296</subfield>
  </datafield>
  <datafield tag="952" ind1=" " ind2=" ">
    <subfield code="0">0</subfield>
    <subfield code="1">0</subfield>
    <subfield code="2">local</subfield>
    <subfield code="4">0</subfield>
    <subfield code="7">0</subfield>
    <subfield code="8">CSEN</subfield>
    <subfield code="a">NALT</subfield>
    <subfield code="b">NALT</subfield>
    <subfield code="c">LAW</subfield>
    <subfield code="d">2022-02-04</subfield>
    <subfield code="o">KE 15 &#xE28;365&#xE23; 2549 &#xE25;.5</subfield>
    <subfield code="p">0100003573001</subfield>
    <subfield code="r">2022-11-30 00:00:00</subfield>
    <subfield code="w">2022-02-04</subfield>
    <subfield code="y">LB</subfield>
  </datafield>
</record>
